000 00903nam a2200205Ii 4500
003 JO-AjNU
008 230605s9999||||xx |||||||||||||| ||und||
040 _aJO-AjNU
_bara
_erda
_cJO-AjNU
041 _aara
050 1 4 _aPJ7601.U7 1988
100 3 _aالأشنانداني،أبي عثمان سعيد بن هرون ؛ الأزدي،أبي بكر محمد بن الحسن بن دريد ,
_eauthor
_914468
245 0 0 _aكتاب معاني الشعر لأبي عثمان سعيد بن هرون الأشنانداني رواية أبي بكر محمد بن الحسن بن دريد الأزدي
250 _aط1
264 3 1 _aبيروت:دار الكتب العلمية،1988
300 _a120ص
_bفهرس:ص(117-120)
336 _atext
_btxt
_2rdacontent
337 _aunmediated
_bn
_2rdamedia
338 _avolume
_bnc
_2rdacarrier
650 4 _aالشعر العربي - تاريخ و نقد
_914469
999 _aA3865
_c7433
_d7433